header

Generations, Inc (Record no. 101300)

MARC details
000 -LEADER
fixed length control field 01435nam a2200361Ia 4500
082 04 - DEWEY DECIMAL CLASSIFICATION NUMBER
Classification number 658.30084
100 1# - MAIN ENTRY--AUTHOR NAME
Personal name Johnson, Meagan,
245 10 - TITLE STATEMENT
Title Generations, Inc
260 ## - PUBLICATION, DISTRIBUTION, ETC. (IMPRINT)
Place of publication New York :
Name of publisher AMACOM,
Year of publication c2010.
300 ## - PHYSICAL DESCRIPTION
Number of Pages xi, 258 p.
650 #0 - SUBJECT ADDED ENTRY--TOPICAL TERM
Topical Term Diversity in the workplace
Topical Term Intergenerational relations.
Topical Term Intergenerational communication.
Topical Term Conflict of generations.
Topical Term Personnel management.
700 1# - ADDED ENTRY--PERSONAL NAME
Personal name Johnson, Larry,
856 40 - ELECTRONIC LOCATION AND ACCESS
Uniform Resource Identifier http://site.ebrary.com/lib/rucke/Doc?id=10387197

No items available.

© 2026 Rongo University
Contact us: librarian | system librarian | Rongo university